000 00686nam a2200181Ia 4500
008 090630s9999 xx 000 0 und d
082 _b23057
100 _aपोेखरकर प्रशांत.
245 _aसृष्टी रंजन - वातावरण.
_cपोेखरकर प्रशांत.
260 _bपुष्प.
_c2002
300 _a40
600 _aपोेखरकर प्रशांत.
630 _aसृष्टी रंजन - वातावरण.
655 _aइतर.
700 _aपोेखरकर प्रशांत.
730 _aसृष्टी रंजन - वातावरण.
942 _cBOOK
999 _c274913
_d274913